"Aké budú znamenia tvojho príchodu?"

Podrobná bibliografia
Hlavný autor: Kováč, Jozef (Autor)
Médium: Článok
Jazyk:slovenčina
ISSN:1335-647X
Predmet:

MARC

LEADER 00000nab a2200000 ar4500
001 vtls008409149
003 SK-MaSNL
005 20260303070124.0
008 051111c2005 xo mr|p|||||||000 b|slo
015 |a SNBRB2005/11  |2 snkbucl 
038 |a SNKBUCL 
040 |a SNKBUCL  |b slo  |c SNKBUCL  |e AACR2 
041 0 |a slo 
044 |a xo  |c SK 
080 |a 234  |2 UDC-MRF-SK2 
080 |a 235  |2 UDC-MRF-SK2 
100 1 |a Kováč, Jozef  |4 aut  |9 270819 
245 1 0 |a "Aké budú znamenia tvojho príchodu?"  |c Jozef Kováč 
600 0 7 |a Ježiš Kristus  |x druhý príchod  |2 snkbucl  |9 1058980 
773 0 |t Cestou svetla  |g Roč. XVI, č. 6 (2005), s. 1  |x 1335-647X 
852 |a SNK  |b KIS3GCP 
999 |c 1754029  |d 1755959